000 00648nam a22002057a 4500
999 _c61643
_d61643
005 20240405094250.0
008 240404s2006 enk||||| |||| 00| 0 eng d
020 _a9780443100710x
041 _aeng
080 _a616.8 F-52
100 _aFuller, Geraint
_921716
245 _aNeurology :
_b An Illustrated Colour Text /
_cGeraint Fuller, Mark R. Manford.
250 _aSecond edition
264 _aEdinburg
_bElsevier,
_c2006.
300 _a135 p. :
_bill.;
_c23 cm.
653 _aნეიროლოგია
653 _aმედიცინა
700 _aManford, Mark R.
_eავტორი
_921717
942 _2udc
_cᲬᲘᲒᲜᲘ